000 00824nam a2200241Ia 4500
003 Ost
005 20260507075139.0
008 260507s9999||||xx |||||||||||||| ||und||
020 _a1047422977
040 _cfsecg
041 _aara
082 _a330
100 _aالنجار، فريد راغب
_eمؤلف
245 0 _aالتنمية الادارية :
_bالاستراتيجيات-التجارب-البحوث الميدانية-تصميم النظم /
_c فريد راغب النجار
260 _aالاسكندرية:
_bالدار الجامعية,
_c2007
300 _a317 صفحة؛
653 _aاستثمارات
653 _aبحوث ميدانية
653 _aتدريب وتطوير
653 _aتصميم النظم
653 _aتكنولوجيا المعلومات
942 _cكتاب
999 _c43286
_d43286